Zwierzęta - prawdziwe czy fikcyjne? - Statystyki

Ogólne statystyki
  • Ten quiz został rozwiązany 2 685 razy
  • Średni wynik to 11 z 15
Statystyki odpowiedzi
Zagadnienie Odpowiedź % Poprawnych
Gryf Fikcyjny
89%
Kraken Fikcyjny
87%
Łuskowce Prawdziwy
87%
Faun Fikcyjny
82%
Puklerzniczek karłowaty Prawdziwy
81%
Ewok Fikcyjny
80%
Narwal jednozębny Prawdziwy
79%
Heloderma arizońska Prawdziwy
74%
Kuoka Prawdziwy
72%
Nietoperze wampiry Prawdziwy
72%
Gorgon Fikcyjny
71%
Mantykora Fikcyjny
66%
Legrys Prawdziwy
62%
Diugoń Prawdziwy
57%
Galago Prawdziwy
45%
Nie znaleziono quizów pasujących do podanych kryteriów
Rozkład punktacji
Procent ludzi z każdym wynikiem
Percentyl według liczby udzielonych odpowiedzi
Twoja historia wyników
Nie rozwiązałeś tego quizu